000
00324nam a22001337a 4500
008
181025b xxu||||| |||| 00| 0 eng d
020
_a
9781842770399
041
_a
eng
080
_a
321
100
_a
31
101
_a
pol
245
_a
Aid Understanding International Development Cooperation
_c
John.D
942
_2
udc
_c
BK
999
_c
50915
_d
50915